| 000 | 00753nam a22002057a 4500 | ||
|---|---|---|---|
| 005 | 20100805151625.0 | ||
| 010 | _aENG-98471 | ||
| 020 |
_a9788190660547 _c29.00 |
||
| 035 | _aEN-82004 | ||
| 037 | _bDPAD/PUB | ||
| 082 | _a307.141 | ||
| 100 |
_aArunagiri, V.K. _98703 |
||
| 245 |
_aPanchayat Raj in modern times / _cby V.K. Arunagiri |
||
| 260 |
_aChennai _bAndril Pathippagam _c2007 |
||
| 270 |
_a192, Jagajeevan Ram Salai (Bells Road) Cheppakkam, _bChennai _e04428411525 |
||
| 300 |
_a96p. _c21cm (pbk) |
||
| 500 | _aIncludes bibliographical reference | ||
| 942 |
_2ddc _cEN _h307.141 _mARU |
||
| 999 |
_c39519 _d39519 |
||